UBT Library

Toxic contaminants and ecosystem health : (Record no. 39657)

000 -LEADER
fixed length control field 00710pam a2200229 a 4500
001 - CONTROL NUMBER
control field 3368258
005 - DATE AND TIME OF LATEST TRANSACTION
control field 20180103092518.0
008 - FIXED-LENGTH DATA ELEMENTS--GENERAL INFORMATION
fixed length control field 870731s1988 nyua b 001 0 eng
010 ## - LIBRARY OF CONGRESS CONTROL NUMBER
LC control number 87022996
020 ## - INTERNATIONAL STANDARD BOOK NUMBER
International Standard Book Number 0471855561 :
Terms of availability $100.00 (est.)
040 ## - CATALOGING SOURCE
Original cataloging agency DLC
Transcribing agency DLC
Modifying agency DLC
041 ## - LANGUAGE CODE
Language code of text/sound track or separate title eng
043 ## - GEOGRAPHIC AREA CODE
Geographic area code nl-----
080 ## - UNIVERSAL DECIMAL CLASSIFICATION NUMBER
Universal Decimal Classification number 574.51263220977 EVA
082 00 - DEWEY DECIMAL CLASSIFICATION NUMBER
Classification number 628 s
-- 574.51263220977 EVA
Edition number 19
100 ## - Rafti
Rafti 9
101 ## - Shkurtesa
Shkurtesa MJE
245 00 - TITLE STATEMENT
Title Toxic contaminants and ecosystem health :
Statement of responsibility, etc edited by Marlene S. Evans, assisted by John E. Gannon ... [et. al.].
504 ## - BIBLIOGRAPHY, ETC. NOTE
Bibliography, etc Includes bibliographies and index.
906 ## - LOCAL DATA ELEMENT F, LDF (RLIN)
a 7
b cbc
c orignew
d 1
e ocip
f 19
g y-gencatlg
942 ## - ADDED ENTRY ELEMENTS (KOHA)
Source of classification or shelving scheme
Item type Books
Holdings
Withdrawn status Lost status Source of classification or shelving scheme Damaged status Not for loan Collection code Permanent location Current location Shelving location Date acquired Total Checkouts Full call number Barcode Date last seen Price effective from Koha item type
          Koleksioni i përgjithshem UBT - Lipjan UBT - Lipjan Koleksioni i përgjithshem 01/03/2018   574.51263220977 EVA 002-2994111 01/03/2018 01/03/2018 Books
UBT Library © 2015-2024. All rights reserved University Education for Business and Technology